<?xml version="1.0" encoding="UTF-8"?>
<record
    xmlns:xsi="http://www.w3.org/2001/XMLSchema-instance"
    xsi:schemaLocation="http://www.loc.gov/MARC21/slim http://www.loc.gov/standards/marcxml/schema/MARC21slim.xsd"
    xmlns="http://www.loc.gov/MARC21/slim">

  <leader>00863nam a22002537a 4500</leader>
  <datafield tag="952" ind1=" " ind2=" ">
    <subfield code="a">0001</subfield>
    <subfield code="b">0001</subfield>
    <subfield code="d">2023-06-14</subfield>
    <subfield code="l">0</subfield>
    <subfield code="o">BRO&#x15E;&#xDC;R 616</subfield>
    <subfield code="p">020851</subfield>
    <subfield code="r">2023-06-14 00:00:00</subfield>
    <subfield code="w">2023-06-14</subfield>
    <subfield code="y">VIS</subfield>
  </datafield>
  <datafield tag="999" ind1=" " ind2=" ">
    <subfield code="c">15258</subfield>
    <subfield code="d">15258</subfield>
  </datafield>
  <controlfield tag="003">MIRAKIL</controlfield>
  <controlfield tag="005">20230614150257.0</controlfield>
  <controlfield tag="008">230614b        tu ||||| |||| 00| 0 tur d</controlfield>
  <datafield tag="040" ind1=" " ind2=" ">
    <subfield code="a">TR-AnCHP</subfield>
    <subfield code="b">tur</subfield>
    <subfield code="c">TR-AnCHP</subfield>
  </datafield>
  <datafield tag="041" ind1=" " ind2=" ">
    <subfield code="a">tur</subfield>
  </datafield>
  <datafield tag="082" ind1=" " ind2=" ">
    <subfield code="a">CHP 338.642</subfield>
    <subfield code="b">C36k 2020</subfield>
  </datafield>
  <datafield tag="090" ind1=" " ind2=" ">
    <subfield code="a">BRO&#x15E;&#xDC;R 616</subfield>
  </datafield>
  <datafield tag="110" ind1=" " ind2=" ">
    <subfield code="a">Cumhuriyet Halk Partisi (CHP)</subfield>
  </datafield>
  <datafield tag="222" ind1=" " ind2=" ">
    <subfield code="a">KOB&#x130; raporlar&#x131;</subfield>
  </datafield>
  <datafield tag="245" ind1=" " ind2=" ">
    <subfield code="a">Kobilere nefes ald&#x131;racak 22 talep/</subfield>
    <subfield code="c">Cumhuriyet Halk Partisi</subfield>
  </datafield>
  <datafield tag="260" ind1=" " ind2=" ">
    <subfield code="a">Ankara:</subfield>
    <subfield code="b">CHP,</subfield>
    <subfield code="c">2020.</subfield>
  </datafield>
  <datafield tag="300" ind1=" " ind2=" ">
    <subfield code="a">ktl.:</subfield>
    <subfield code="c">21 sm.</subfield>
  </datafield>
  <datafield tag="440" ind1=" " ind2=" ">
    <subfield code="a">Cumhuriyet Halk Partisi yay&#x131;nlar&#x131;</subfield>
    <subfield code="p">Bro&#x15F;&#xFC;rler</subfield>
  </datafield>
  <datafield tag="610" ind1=" " ind2=" ">
    <subfield code="a">CHP</subfield>
    <subfield code="x">Esnaflar</subfield>
    <subfield code="y">Sorunlar ve &#xE7;&#xF6;z&#xFC;m &#xF6;nerileri</subfield>
  </datafield>
  <datafield tag="610" ind1=" " ind2=" ">
    <subfield code="a">CHP</subfield>
    <subfield code="x">KOB&#x130;</subfield>
    <subfield code="y">Sorunlar ve &#xE7;&#xF6;z&#xFC;m &#xF6;nerileri</subfield>
  </datafield>
  <datafield tag="650" ind1=" " ind2=" ">
    <subfield code="a">Kobiler</subfield>
    <subfield code="x">Raporlar</subfield>
    <subfield code="z">T&#xFC;rkiye</subfield>
  </datafield>
  <datafield tag="856" ind1=" " ind2=" ">
    <subfield code="z">Dijital N&#xFC;shas&#x131; i&#xE7;in Partimizin K&#xFC;t&#xFC;phane Sorumlusu ile ileti&#x15F;ime ge&#xE7;iniz.</subfield>
  </datafield>
  <datafield tag="942" ind1=" " ind2=" ">
    <subfield code="2">ddc</subfield>
    <subfield code="c">VIS</subfield>
  </datafield>
</record>
